Southville International School and Colleges
Your cart is empty.
  • Cart
  • Lists
    Public lists Eva Luna New books Lux_list list_1
    Your lists Log in to create your own lists
  • Log in to your account
  • Your cookies
  • Search history
Southville International School and Colleges
  • Advanced search
  • Recent comments
  • Most popular
  • Libraries

Log in to your account

Log in with GOOGLE


If you do not have an external account, but do have a local account, you can still log in:

  1. Home
  2. MARC view: Community tourism and natural resource conservation /
Normal view MARC view ISBD view

Community tourism and natural resource conservation / (Record no. 22115)

[ view plain ]
MARC details
000 -LEADER
fixed length control field 00661nam a2200217 a 4500
003 - CONTROL NUMBER IDENTIFIER
control field SISC
005 - DATE AND TIME OF LATEST TRANSACTION
control field 20160819101005.0
008 - FIXED-LENGTH DATA ELEMENTS--GENERAL INFORMATION
fixed length control field 120911s19uu xx 00 eng d
020 ## - INTERNATIONAL STANDARD BOOK NUMBER
International Standard Book Number 9788183569392
050 ## - LIBRARY OF CONGRESS CALL NUMBER
Classification number G 155.A1
Item number .C23 2011
100 ## - MAIN ENTRY--PERSONAL NAME
Personal name Carr, David.
245 ## - TITLE STATEMENT
Title Community tourism and natural resource conservation /
Statement of responsibility, etc David Carr.
250 ## - EDITION STATEMENT
Edition statement 1st edition.
260 ## - PUBLICATION, DISTRIBUTION, ETC. (IMPRINT)
Place of publication, distribution, etc New Delhi, India :
Name of publisher, distributor, etc Discovery Pub. House,
Date of publication, distribution, etc 2011.
300 ## - PHYSICAL DESCRIPTION
Extent 216 pages :
Dimensions 22 cm.
500 ## - GENERAL NOTE
General note Includes bibliographical references and index.
650 ## - SUBJECT ADDED ENTRY--TOPICAL TERM
Topical term or geographic name as entry element Regional tourism
General subdivision Environmental aspects.
650 ## - SUBJECT ADDED ENTRY--TOPICAL TERM
Topical term or geographic name as entry element Ecotourism
942 ## - ADDED ENTRY ELEMENTS (KOHA)
Koha item type Books
Source of classification or shelving scheme Library of Congress Classification
Call number prefix Foreign
Holdings
Withdrawn status Lost status Source of classification or shelving scheme Damaged status Home library Current library Shelving location Date acquired Source of acquisition Cost, normal purchase price Total Checkouts Full call number Barcode Date last seen Copy number Price effective from Koha item type
    Library of Congress Classification   College Library College Library General Circulation Section 09/11/2012 Donation 1350.00   G 155.A1 .C23 2011 C15714 05/15/2018 1 10/10/2013 Books

Community tourism and natural resource conservation /

APA

Carr D., . (2011). Community tourism and natural resource conservation. New Delhi, India: Discovery Pub. House.

Chicago

Carr David, . 2011. Community tourism and natural resource conservation. New Delhi, India: Discovery Pub. House.

Harvard

Carr D., . (2011). Community tourism and natural resource conservation. New Delhi, India: Discovery Pub. House.

MLA

Carr David, . Community tourism and natural resource conservation. New Delhi, India: Discovery Pub. House. 2011.

  • Place hold
  • Print
  • Cite
  • Add to your cart (remove)
  • Save record
    BIBTEX Dublin Core MARCXML MARC (non-Unicode/MARC-8) MARC (Unicode/UTF-8) MARC (Unicode/UTF-8, Standard) MODS (XML) RIS
  • More searches
    Search for this title in:
    Other Libraries (WorldCat) Other Databases (Google Scholar) Online Stores (Bookfinder.com) Open Library (openlibrary.org)

Exporting to Dublin Core...

SOUTHVILLE LIBRARY

Southville International School and Colleges Library

1281 Tropical Ave. Cor. Luxembourg St., BF Homes International, Las Pinas City

Tel. No. 8256374 / 252358 Loc. 117/146

Powered by Koha